[Event "17th Asian Continental-ch Women 2018"]
[Site "Makati City"]
[Date "2018.12.17"]
[Round "8.4"]
[White "Guo, Qi"]
[Black "Li, Yunshan"]
[Result "0-1"]
[WhiteElo "2368"]
[BlackElo "2196"]
[PlyCount "138"]
[EventDate "2018.12.07"]
[EventType "swiss"]
[EventCountry "PHI"]
[TimeControl "40/5400+30:1800+30"]

1. d4 d5 2. c4 dxc4 3. Nf3 Nf6 4. e3 c5 5. Bxc4 e6 6. O-O Nc6 7. Qe2 a6 8. Rd1 b5 9. Bb3 c4 10. Bc2 Nb4 11. b3 Nxc2 12. Qxc2 cxb3 13. axb3 Bb7 14. Nbd2 Bd6 15. e4 Rc8 16. Qd3 Bb4 17. Bb2 O-O 18. Rac1 Qe7 19. h3 h6 20. Re1 Rfd8 21. Qb1 Nh5 22. Qd3 Nf6 23. Qe3 Nd7 24. Red1 Nf6 25. Kh1 a5 26. Qd3 a4 27. bxa4 bxa4 28. Rxc8 Rxc8 29. Ra1 Ra8 30. Rc1 Ba6 31. Qe3 a3 32. Ba1 Rc8 33. Rxc8+ Bxc8 34. Qf4 Qb7 35. d5 Bxd2 36. Nxd2 a2 37. Kh2 exd5 38. exd5 Nxd5 39. Qa4 Qc7+ 40. g3 Qc5 41. Bd4 Qb4 42. Qe8+ Qf8 43. Qa4 Nb4 44. Ne4 Qe7 45. Nc5 Qe1 46. Qa8 Qe8 47. Bc3 Qc6 48. Qxc6 Nxc6 49. Nb3 Be6 50. Na1 g5 51. g4 Ne7 52. Kg3 Ng6 53. Bf6 Bd5 54. f3 Kh7 55. Nc2 Bc4 56. Na1 Be2 57. Nc2 Bd1 58. Na1 Nf4 59. h4 Nd5 60. Bd8 gxh4+ 61. Bxh4 f6 62. Kg2 Kg6 63. Be1 Nf4+ 64. Kg3 Ne2+ 65. Kf2 Nd4 66. f4 Bxg4 67. Bc3 Ne2 68. Bb2 Nxf4 69. Kg3 Nd3 0-1

[Event "17th Asian Continental-ch Women 2018"]
[Site "Makati City"]
[Date "2018.12.17"]
[Round "8.5"]
[White "Aulia, Medina Warda"]
[Black "Munkhzul, Turmunkh"]
[Result "0-1"]
[WhiteElo "2366"]
[BlackElo "2255"]
[PlyCount "162"]
[EventDate "2018.12.07"]
[EventType "swiss"]
[EventCountry "PHI"]
[TimeControl "40/5400+30:1800+30"]

1. e4 e5 2. Nf3 Nc6 3. Bb5 a6 4. Ba4 Nf6 5. O-O Nxe4 6. Re1 Nc5 7. Bxc6 dxc6 8. Nxe5 Ne6 9. d4 Be7 10. c3 O-O 11. a4 c5 12. d5 f6 13. Nc4 Ng5 14. Bf4 Nf7 15. Nbd2 Re8 16. Ne4 Bf5 17. Ng3 Bg6 18. Qf3 Nd6 19. Bxd6 Bxd6 20. Nf5 Bf8 21. h4 Rxe1+ 22. Rxe1 Qd7 23. Nfe3 Re8 24. b3 Be4 25. Qd1 Bxd5 26. Re2 Be6 27. Rd2 Qf7 28. a5 f5 29. Qf3 c6 30. g3 Qf6 31. Rd3 Be7 32. Qf4 h6 33. Qc7 f4 34. Qxf4 Qxf4 35. gxf4 Bxh4 36. f5 Bxc4 37. Nxc4 Rd8 38. Re3 Bg5 39. Re6 Rd7 40. Nd6 Be7 41. Nc4 Bf6 42. Re3 Kh7 43. f4 h5 44. Kg2 Rd1 45. Ne5 Rd8 46. c4 Kg8 47. Kf3 Bxe5 48. fxe5 Rd4 49. Re1 Kf7 50. Re3 Ke7 51. e6 h4 52. Kg2 Rf4 53. Re5 g6 54. fxg6 Rg4+ 55. Kh2 Rxg6 56. Rh5 Rg7 57. Rh6 Kd6 58. Kh3 Rg3+ 59. Kxh4 Rxb3 60. Kg5 Rf3 61. Rh7 Kxe6 62. Rxb7 Ke5 63. Ra7 Rg3+ 64. Kh4 Ra3 65. Rxa6 Kd4 66. Kg4 Kxc4 67. Kf4 Kb5 68. Rb6+ Kxa5 69. Rxc6 Kb5 70. Rc8 Rd3 71. Ke4 Rd7 72. Rb8+ Kc4 73. Ke3 Kc3 74. Ke4 c4 75. Rc8 Kb3 76. Rb8+ Kc2 77. Rh8 c3 78. Rh2+ Kb1 79. Rh1+ Kb2 80. Rh8 c2 81. Rb8+ Kc1 0-1

[Event "17th Asian Continental-ch Women 2018"]
[Site "Makati City"]
[Date "2018.12.17"]
[Round "8.6"]
[White "Nguyen, Thi Thanh An"]
[Black "Li, Xueyi"]
[Result "0-1"]
[WhiteElo "2262"]
[BlackElo "2187"]
[PlyCount "80"]
[EventDate "2018.12.07"]
[EventType "swiss"]
[EventCountry "PHI"]
[TimeControl "40/5400+30:1800+30"]

1. d4 d5 2. c4 c6 3. Nc3 e6 4. e4 dxe4 5. Nxe4 Bb4+ 6. Nc3 c5 7. Nf3 Ne7 8. a3 Ba5 9. Be2 cxd4 10. Nxd4 O-O 11. b4 Bc7 12. Be3 a6 13. O-O Ng6 14. g3 f5 15. f4 e5 16. Nc2 Nd7 17. Nd5 exf4 18. gxf4 Nf6 19. Qe1 Nxd5 20. Rd1 Ngxf4 21. Bxf4 Bxf4 22. cxd5 Bd6 23. Nd4 Rf6 24. Rf2 Bd7 25. Kh1 Kh8 26. Rg2 Qe7 27. Qf2 a5 28. Ne6 Bxe6 29. dxe6 axb4 30. axb4 Rxe6 31. Bc4 Rh6 32. b5 Bxh2 33. Rxh2 Qe4+ 34. Qg2 Rxh2+ 35. Kxh2 Qxc4 36. Qf2 h6 37. b6 Ra2 38. Rd2 Rxd2 39. Qxd2 Qh4+ 40. Kg2 Qg5+ 0-1

[Event "17th Asian Continental-ch Women 2018"]
[Site "Makati City"]
[Date "2018.12.17"]
[Round "8.7"]
[White "Ning, Kaiyu"]
[Black "Gu, Tianlu"]
[Result "1-0"]
[WhiteElo "2247"]
[BlackElo "2231"]
[PlyCount "135"]
[EventDate "2018.12.07"]
[EventType "swiss"]
[EventCountry "PHI"]
[TimeControl "40/5400+30:1800+30"]

1. d4 Nf6 2. c4 e6 3. Nf3 d5 4. Bg5 h6 5. Bxf6 Qxf6 6. e3 Nd7 7. Nbd2 c5 8. cxd5 exd5 9. Be2 Be7 10. O-O O-O 11. Rc1 Rd8 12. dxc5 Qxb2 13. Nb3 Qxa2 14. Nfd4 Ne5 15. Rc2 Qa4 16. Bb5 Qb4 17. Qa1 Nc4 18. c6 Na3 19. cxb7 Bxb7 20. Rc7 Rab8 21. Bd3 Bf8 22. Qd1 Qb6 23. Rc1 Rbc8 24. Qg4 Nc4 25. Ra1 Ne5 26. Qf5 Nxd3 27. Qxd3 Bb4 28. Rfb1 Rc3 29. Qe2 Rdc8 30. h4 Re8 31. Qg4 Bc8 32. Qh5 Be6 33. Nxe6 Rxe6 34. Qxd5 Rc8 35. Nd4 Rd6 36. Qe4 a5 37. Nf5 Re6 38. Qg4 g6 39. Ne7+ Rxe7 40. Qxc8+ Kg7 41. Rd1 Rc7 42. Qd8 Be7 43. Qe8 Bxh4 44. Qe5+ Bf6 45. Qxa5 Qc6 46. Rab1 Qc2 47. Qd2 Qf5 48. Qd3 Qc8 49. Rb6 Rc2 50. Rb8 Qc7 51. Rb7 Qxb7 52. Qxc2 h5 53. Rb1 Qd5 54. Qb3 Qf5 55. Rd1 h4 56. Rd5 Qg4 57. Qd1 Qe4 58. Qf3 Qb1+ 59. Rd1 Qb2 60. Rd7 Qb1+ 61. Qd1 Qe4 62. Qd5 Qe8 63. Kh2 Be5+ 64. f4 Bb2 65. Kh1 Bc1 66. Qd4+ Kh7 67. Rd8 Bxe3 68. Qf6 1-0

[Event "17th Asian Continental-ch Women 2018"]
[Site "Makati City"]
[Date "2018.12.17"]
[Round "8.8"]
[White "Karenza, Dita"]
[Black "Frayna, Janelle Mae"]
[Result "1/2-1/2"]
[WhiteElo "1944"]
[BlackElo "2228"]
[PlyCount "120"]
[EventDate "2018.12.07"]
[EventType "swiss"]
[EventCountry "PHI"]
[TimeControl "40/5400+30:1800+30"]

1. e4 g6 2. d4 Bg7 3. Nc3 d6 4. Be3 a6 5. f4 b5 6. a3 Nd7 7. e5 Bb7 8. Nf3 e6 9. Bd3 Ne7 10. Ne4 Nf5 11. Bf2 h5 12. Neg5 Nb6 13. Rg1 Qd7 14. h3 Nc4 15. Qc1 Nb6 16. b3 f6 17. Ne4 fxe5 18. dxe5 Bxe4 19. Bxe4 d5 20. Bd3 Qc6 21. Qd2 Bf8 22. g4 hxg4 23. hxg4 Ne7 24. O-O-O Rg8 25. Bd4 O-O-O 26. Bb2 Qe8 27. Ng5 Nc6 28. Kb1 Bh6 29. Nh7 Qf7 30. Nf6 Rh8 31. Qf2 Kb7 32. f5 gxf5 33. gxf5 exf5 34. Bxf5 Qe7 35. Qg3 Ka7 36. e6 d4 37. Nd7 Qd6 38. Qxd6 cxd6 39. Rg6 Be3 40. Nf6 Kb8 41. Ng4 Nd5 42. Be4 Nde7 43. Rg7 d5 44. Bh7 Rdf8 45. Rf7 Nc8 46. Rdf1 Re8 47. Bf5 Nd6 48. Nf6 Re7 49. Rxe7 Nxe7 50. Nd7+ Kc7 51. Bd3 Rg8 52. a4 Rg1 53. Rxg1 Bxg1 54. axb5 axb5 55. Ba3 Nec8 56. Nf6 Kc6 57. Bf1 Be3 58. Bg2 Ne7 59. Bb4 Bg5 60. Nd7 Ne4 1/2-1/2

[Event "17th Asian Continental-ch Women 2018"]
[Site "Makati City"]
[Date "2018.12.17"]
[Round "8.9"]
[White "Mendoza, Shania Mae"]
[Black "Nakhbayeva, Guliskhan"]
[Result "0-1"]
[WhiteElo "2165"]
[BlackElo "2371"]
[PlyCount "80"]
[EventDate "2018.12.07"]
[EventType "swiss"]
[EventCountry "PHI"]
[TimeControl "40/5400+30:1800+30"]

1. Nf3 Nf6 2. c4 e6 3. g3 d5 4. Bg2 dxc4 5. Qa4+ Nbd7 6. Qxc4 a6 7. Qb3 c5 8. a4 Rb8 9. d3 Bd6 10. O-O O-O 11. Qc2 b6 12. b3 Bb7 13. Bb2 Qe7 14. Nbd2 e5 15. e4 Rbd8 16. Nc4 Bc7 17. Qc3 Rfe8 18. Nh4 Nb8 19. f4 Nc6 20. Nf5 Qd7 21. fxe5 Nxe5 22. Qc1 Nfg4 23. Bh3 Qc6 24. Bxg4 Nxg4 25. Qg5 Qg6 26. Ne7+ Rxe7 27. Qxe7 Rc8 28. Qh4 b5 29. Rf5 Bd8 30. Qh3 bxc4 31. Raf1 f6 32. R5f4 Ne3 33. Re1 Nc2 34. Rd1 cxb3 35. Qe6+ Qf7 36. Qg4 Ne3 37. Qe2 Nxd1 38. Qxd1 c4 39. dxc4 Bb6+ 40. Kg2 Qxc4 0-1

[Event "17th Asian Continental-ch Women 2018"]
[Site "Makati City"]
[Date "2018.12.17"]
[Round "8.10"]
[White "Hoang, Thi Bao Tram"]
[Black "Fronda, Jan Jodilyn"]
[Result "0-1"]
[WhiteElo "2314"]
[BlackElo "2139"]
[PlyCount "98"]
[EventDate "2018.12.07"]
[EventType "swiss"]
[EventCountry "PHI"]
[TimeControl "40/5400+30:1800+30"]

1. Nf3 c5 2. g3 b6 3. Bg2 Bb7 4. c4 Nf6 5. O-O g6 6. Nc3 Bg7 7. d3 O-O 8. e4 d6 9. a3 Nbd7 10. Rb1 Rc8 11. h3 Ne8 12. Bd2 Nc7 13. b4 Ne6 14. Kh2 a6 15. Ne1 cxb4 16. Rxb4 Bc6 17. f4 Nd4 18. Ne2 Nxe2 19. Qxe2 b5 20. cxb5 Bxb5 21. a4 Bc6 22. d4 a5 23. Rc4 Qb6 24. Qe3 Bb7 25. Rxc8 Rxc8 26. Nf3 Rc4 27. Ra1 Rxd4 28. Nxd4 Bxd4 29. Qe1 Bxa1 30. Qxa1 Bxe4 31. Qe1 Bxg2 32. Kxg2 e5 33. h4 Qc6+ 34. Kh3 Qf3 35. Qc1 Nf6 36. fxe5 Qg4+ 37. Kh2 dxe5 38. Bxa5 Qxa4 39. Bd2 Qg4 40. Qe1 Qe4 41. Qc1 Ng4+ 42. Kh3 h5 43. Qg1 Qe2 44. Ba5 e4 45. Bb6 e3 46. Ba5 Nf2+ 47. Kg2 Nd3+ 48. Kh3 Qf3 49. Kh2 e2 0-1

[Event "17th Asian Continental-ch Women 2018"]
[Site "Makati City"]
[Date "2018.12.17"]
[Round "8.11"]
[White "Secopito, Catherine"]
[Black "Nandhidhaa, P V"]
[Result "0-1"]
[WhiteElo "2145"]
[BlackElo "2267"]
[PlyCount "82"]
[EventDate "2018.12.07"]
[EventType "swiss"]
[EventCountry "PHI"]
[TimeControl "40/5400+30:1800+30"]

1. d4 Nf6 2. Nf3 d5 3. e3 c5 4. Bd3 Nc6 5. O-O cxd4 6. exd4 g6 7. Re1 Bg7 8. h3 Qc7 9. Nc3 O-O 10. Bg5 Rd8 11. Qd2 a6 12. Bf4 Qa5 13. a3 b5 14. Ne5 Nxe5 15. dxe5 Ne8 16. b4 Qb6 17. a4 d4 18. Ne4 bxa4 19. Rxa4 Bd7 20. Ra5 Nc7 21. Nc5 Bb5 22. Bxb5 Nxb5 23. e6 f5 24. Qd3 Nc3 25. Qc4 Nd5 26. Bd2 Nc7 27. Rea1 Qc6 28. Qb3 Rd5 29. Qf3 Be5 30. R1a3 Bd6 31. Nd3 Qc4 32. Rxd5 Nxd5 33. g3 Rb8 34. Ra5 Nxb4 35. Nxb4 Bxb4 36. Bxb4 Rxb4 37. Qa8+ Kg7 38. Qxa6 Rb1+ 39. Kg2 Qxc2 40. Qa8 Qd1 41. g4 f4 0-1

[Event "17th Asian Continental-ch Women 2018"]
[Site "Makati City"]
[Date "2018.12.17"]
[Round "8.12"]
[White "Bernales, Christy Lamiel"]
[Black "Citra, Dewi Ardhiani Anast"]
[Result "0-1"]
[WhiteElo "1996"]
[BlackElo "2215"]
[PlyCount "54"]
[EventDate "2018.12.07"]
[EventType "swiss"]
[EventCountry "PHI"]
[TimeControl "40/5400+30:1800+30"]

1. e4 d5 2. exd5 Nf6 3. d4 Nxd5 4. Nf3 Bg4 5. Be2 e6 6. O-O Be7 7. c4 Nb6 8. Nc3 Nc6 9. d5 exd5 10. cxd5 Bxf3 11. Bxf3 Ne5 12. Be4 O-O 13. Qh5 Ng6 14. f4 Nd7 15. Bc2 Nf6 16. Qf3 Bc5+ 17. Kh1 Re8 18. Bd2 c6 19. Rac1 cxd5 20. Nxd5 Qxd5 21. Qxd5 Nxd5 22. Bxg6 Be3 23. Bxe3 Nxe3 24. Bd3 Nxf1 25. Rxf1 Rad8 26. Bb5 Re4 27. b3 a6 0-1

[Event "17th Asian Continental-ch Women 2018"]
[Site "Makati City"]
[Date "2018.12.17"]
[Round "8.13"]
[White "Zhang, Xiao"]
[Black "Anisa, Aay Aisyah"]
[Result "1-0"]
[WhiteElo "2017"]
[BlackElo "1985"]
[PlyCount "61"]
[EventDate "2018.12.07"]
[EventType "swiss"]
[EventCountry "PHI"]
[TimeControl "40/5400+30:1800+30"]

1. d4 Nf6 2. c4 e6 3. Nf3 b6 4. g3 Ba6 5. b3 d5 6. Bg2 Bb4+ 7. Bd2 Be7 8. O-O Ne4 9. Bf4 O-O 10. Qc2 Bd6 11. Ne5 Bb7 12. Nc3 f5 13. h4 Nd7 14. Nd3 Rc8 15. cxd5 exd5 16. Nb5 Bxf4 17. Nxf4 Rf6 18. Nxa7 Ra8 19. Nb5 c6 20. Nc3 Qe7 21. Nxe4 fxe4 22. e3 Nf8 23. f3 exf3 24. Rxf3 Bc8 25. Nxd5 cxd5 26. Rxf6 Qxe3+ 27. Qf2 Qxf2+ 28. Kxf2 Be6 29. Rxe6 Nxe6 30. Bxd5 Rf8+ 31. Kg2 1-0

[Event "17th Asian Continental-ch Women 2018"]
[Site "Makati City"]
[Date "2018.12.17"]
[Round "8.14"]
[White "Doroy Allaney Jia G"]
[Black "Doan, Thi Van Anh"]
[Result "1-0"]
[WhiteElo "1972"]
[BlackElo "1950"]
[PlyCount "71"]
[EventDate "2018.12.07"]
[EventType "swiss"]
[EventCountry "PHI"]
[TimeControl "40/5400+30:1800+30"]

1. Nf3 Nf6 2. g3 d5 3. Bg2 Bf5 4. O-O e6 5. d3 h6 6. c4 Be7 7. Qb3 Qc8 8. Nd4 Bh7 9. cxd5 exd5 10. Nc3 c6 11. e4 O-O 12. exd5 Bxd3 13. Rd1 Bg6 14. Bf4 Bh5 15. Rdc1 Qd7 16. dxc6 Nxc6 17. Nxc6 bxc6 18. h3 Rad8 19. g4 Bg6 20. Rd1 Qc8 21. Qa4 Qb7 22. b3 Nd5 23. Nxd5 cxd5 24. Rac1 Rd7 25. Bf1 Rc8 26. Ba6 Rxc1 27. Rxc1 Qb4 28. Qxd7 Qxf4 29. Rc8+ Kh7 30. Qxe7 Be4 31. Rc3 Qd2 32. Re3 Qxa2 33. Rxe4 Qxa6 34. Re5 Qa5 35. Kg2 f6 36. Rf5 1-0

[Event "17th Asian Continental-ch Women 2018"]
[Site "Makati City"]
[Date "2018.12.17"]
[Round "8.15"]
[White "Mejia, Cherry Ann"]
[Black "Alinasab, Mobina"]
[Result "0-1"]
[WhiteElo "1980"]
[BlackElo "2295"]
[PlyCount "166"]
[EventDate "2018.12.07"]
[EventType "swiss"]
[EventCountry "PHI"]
[TimeControl "40/5400+30:1800+30"]

1. Nf3 c5 2. c4 Nf6 3. g3 b6 4. Bg2 Bb7 5. O-O e6 6. Nc3 a6 7. Re1 d6 8. e4 Nbd7 9. d4 cxd4 10. Nxd4 Qc7 11. Be3 Be7 12. Rc1 Rc8 13. f4 O-O 14. f5 e5 15. Nd5 Qd8 16. Nb3 Nxd5 17. cxd5 Rxc1 18. Qxc1 Qb8 19. Qd2 Rc8 20. g4 a5 21. g5 Rc4 22. Rc1 Qc7 23. a4 Rxc1+ 24. Qxc1 Qxc1+ 25. Bxc1 f6 26. h4 Bd8 27. Bf1 g6 28. Bh3 Nf8 29. Be3 gxf5 30. Bxf5 fxg5 31. hxg5 Ba6 32. Nd2 b5 33. axb5 Bxb5 34. Kf2 Kg7 35. Kg3 Ng6 36. Nf3 Bd3 37. Nd2 Nh8 38. Nf3 Nf7 39. Kf2 Nh8 40. Bd2 Ng6 41. Kg3 Bb6 42. Nh4 Bc2 43. Bxg6 hxg6 44. Kf3 Bd1+ 45. Kg3 Kf7 46. Ng2 a4 47. Ne3 Be2 48. Kf2 Bd3 49. Kf3 Bd4 50. Bc1 Ke7 51. Ng2 Bc2 52. Ne3 Bd3 53. Ng2 Bb5 54. Ne1 Bc5 55. Nc2 Bd3 56. Ne1 Bb1 57. Ng2 Bc2 58. Ne3 Bb3 59. Ke2 Kd7 60. Kd3 Kc7 61. Ng2 Bd1 62. Be3 Kb6 63. Bd2 Kb5 64. Nh4 Bh5 65. Ng2 Bf2 66. Ne3 Bf3 67. Nc2 Bg2 68. Ne3 Bh3 69. Ke2 Bh4 70. Nc2 Kc4 71. Na3+ Kd4 72. Kf3 Bd7 73. Be3+ Kd3 74. Bc1 Be1 75. Be3 Bb4 76. Bb6 Bc8 77. Bc7 Ba6 78. Bb6 Kd2 79. Be3+ Kd1 80. Kf2 Bd2 81. Nb1 Bxe3+ 82. Kxe3 Kc2 83. Nd2 Kxb2 0-1

[Event "17th Asian Continental-ch Women 2018"]
[Site "Makati City"]
[Date "2018.12.17"]
[Round "8.16"]
[White "San Diego, Jerlyn Mae"]
[Black "Makhija, Aashna"]
[Result "1/2-1/2"]
[WhiteElo "1932"]
[BlackElo "2181"]
[PlyCount "51"]
[EventDate "2018.12.07"]
[EventType "swiss"]
[EventCountry "PHI"]
[TimeControl "40/5400+30:1800+30"]

1. e4 e5 2. Nc3 Nc6 3. Bc4 Nf6 4. d3 Bb4 5. Bg5 h6 6. Bxf6 Bxc3+ 7. bxc3 Qxf6 8. Ne2 O-O 9. O-O d6 10. f4 Bg4 11. f5 Ne7 12. Qd2 Bxe2 13. Qxe2 c6 14. Rae1 Rad8 15. Bb3 Kh8 16. Qe3 a6 17. Kh1 Ng8 18. Rf3 Qg5 19. Qf2 Nf6 20. Rg3 Qh4 21. Qe2 d5 22. Rh3 Qg5 23. Rg3 Qh4 24. Rh3 Qg5 25. Rg3 Qh4 26. Rh3 1/2-1/2

[Event "17th Asian Continental-ch Women 2018"]
[Site "Makati City"]
[Date "2018.12.17"]
[Round "8.17"]
[White "Galas, Bernadette"]
[Black "Bach, Ngoc Thuy Duong"]
[Result "1-0"]
[WhiteElo "2100"]
[BlackElo "2131"]
[PlyCount "75"]
[EventDate "2018.12.07"]
[EventType "swiss"]
[EventCountry "PHI"]
[TimeControl "40/5400+30:1800+30"]

1. e4 c5 2. Na3 d6 3. c3 Nf6 4. Bb5+ Bd7 5. Bxd7+ Qxd7 6. d3 Nc6 7. f4 e5 8. Nf3 O-O-O 9. O-O h6 10. Qa4 Kb8 11. b4 cxb4 12. cxb4 Nd4 13. Qd1 Ne6 14. f5 Nc7 15. Rb1 Qe8 16. Qc2 d5 17. Kh1 Rc8 18. Qe2 d4 19. Nc4 Nd7 20. a4 g5 21. b5 Bc5 22. a5 f6 23. Qa2 Qe7 24. Bd2 Ne8 25. Nb2 Bd6 26. Rfc1 Nc5 27. Ne1 Qg7 28. Nc4 Bf8 29. Bb4 Nd7 30. Nc2 Bc5 31. Bxc5 Nxc5 32. Nb4 Qg8 33. Qa3 Nc7 34. Nd6 Rd8 35. Rxc5 Rxd6 36. b6 axb6 37. axb6 Rxb6 38. Qa5 1-0

[Event "17th Asian Continental-ch Women 2018"]
[Site "Makati City"]
[Date "2018.12.17"]
[Round "8.18"]
[White "Nithyalakshmi, Sivanesan"]
[Black "San Diego, Marie Antoinette"]
[Result "1/2-1/2"]
[WhiteElo "1942"]
[BlackElo "2111"]
[PlyCount "104"]
[EventDate "2018.12.07"]
[EventType "swiss"]
[EventCountry "PHI"]
[TimeControl "40/5400+30:1800+30"]

1. Nf3 g6 2. g3 Bg7 3. Bg2 c5 4. c4 Nc6 5. Nc3 a6 6. O-O Rb8 7. d3 d6 8. Bf4 e5 9. Bg5 f6 10. Be3 Nge7 11. Ne1 O-O 12. Qd2 Nf5 13. Nc2 Be6 14. Nd5 Nxe3 15. Ncxe3 f5 16. Nc2 f4 17. Rab1 Bh6 18. b4 Kg7 19. Qe1 cxb4 20. Ndxb4 Ne7 21. d4 Kh8 22. dxe5 dxe5 23. Qc3 Bg7 24. Qd3 Qxd3 25. Nxd3 Bxc4 26. Rxb7 Rxb7 27. Bxb7 Rb8 28. Nc5 a5 29. Re1 Nf5 30. Be4 Rc8 31. Nb7 Bxa2 32. Nxa5 Nd6 33. Bc6 Nc4 34. Nxc4 Rxc6 35. Nb4 Rxc4 36. Nxa2 fxg3 37. hxg3 e4 38. Rb1 Be5 39. Rb4 Rc2 40. Rxe4 Bxg3 41. fxg3 Rxa2 42. Re7 Kg8 43. Kf2 Ra6 44. e4 Rf6+ 45. Ke3 Rf7 46. Re5 Ra7 47. g4 h6 48. Re6 Kf7 49. Rb6 Ra3+ 50. Kf4 Ra4 51. Ke5 Ra5+ 52. Kf4 Ra4 1/2-1/2

[Event "17th Asian Continental-ch Women 2018"]
[Site "Makati City"]
[Date "2018.12.17"]
[Round "8.19"]
[White "Wang, Ying"]
[Black "Mordido, Kylen Joy"]
[Result "0-1"]
[WhiteElo "1324"]
[BlackElo "2045"]
[PlyCount "88"]
[EventDate "2018.12.07"]
[EventType "swiss"]
[EventCountry "PHI"]
[TimeControl "40/5400+30:1800+30"]

1. Nf3 Nf6 2. c4 c5 3. Nc3 d5 4. cxd5 Nxd5 5. e3 Nc6 6. Bb5 Ndb4 7. O-O a6 8. Bxc6+ Nxc6 9. a3 g6 10. Ng5 Bg7 11. Qb3 O-O 12. h3 Na5 13. Qd5 Bd7 14. Nge4 e6 15. Qa2 c4 16. Rb1 Bc6 17. f3 Be5 18. Nc5 b6 19. b4 cxb3 20. Nxb3 Bxc3 21. Nxa5 Bxa5 22. d4 Bb5 23. Rf2 Bd3 24. Ra1 Be1 25. Bd2 Bxf2+ 26. Kxf2 Rc8 27. Qb3 Bc2 28. Qb4 b5 29. Kg3 Rc4 30. Qa5 Qd6+ 31. f4 Rfc8 32. Bb4 Qc6 33. Bc5 Ra4 34. Qc3 Qe4 35. Rc1 Rc4 36. Qd2 Qd3 37. Qe1 Bb3 38. Rb1 Rc2 39. Rc1 Rd2 40. Qg1 Bd5 41. Kh4 Rxg2 42. Qe1 g5+ 43. fxg5 Qe4+ 44. Kh5 Qg6+ 0-1

[Event "17th Asian Continental-ch Women 2018"]
[Site "Makati City"]
[Date "2018.12.18"]
[Round "9"]
[White "Wang, Jue"]
[Black "Padmini, Rout"]
[Result "1/2-1/2"]
[WhiteElo "2367"]
[BlackElo "2345"]
[Annotator "TA"]
[PlyCount "51"]
[EventDate "2018.12.07"]
[EventType "swiss"]
[EventCountry "PHI"]
[SourceTitle "playchess.com"]
[Source "ChessBase"]
[SourceQuality "1"]

{[%evp 23,51,21,7,3,7,8,21,7,-1,-4,6,7,9,7,21,20,5,11,26,22,37,13,49,14,18,0,0,0,0,0]} 1. e4 e5 2. Bc4 Nf6 3. d3 c6 4. Nf3 Be7 5. Bb3 O-O 6. O-O d6 7. Re1 Nbd7 8. c3 Nc5 9. Bc2 Bg4 10. Nbd2 Nfd7 {C24: Bishop's Opening: 2...Nf6} 11. h3 Bh5 12. Nf1 Ne6 {LiveBook: 17 Games} 13. g4 Bg6 14. Ng3 Ng5 15. Bxg5 Bxg5 16. d4 Bf4 17. Ne2 Qf6 18. Kg2 {[#]} Rad8 $146 ({Predecessor:} 18... exd4 19. Nfxd4 {1-0 (33) Carlsen,M (2840)-Wei,Y (2706) Wijk aan Zee 2017}) 19. Nxf4 Qxf4 20. Qc1 Qxc1 21. Raxc1 Rfe8 22. Rcd1 f6 23. Bb3+ Bf7 {The position is equal.} 24. Bxf7+ Kxf7 25. Nd2 Nf8 26. Nc4 {Accuracy: White = 67%, Black = 74%.} 1/2-1/2

[Event "17th Asian Continental-ch Women 2018"]
[Site "Makati City"]
[Date "2018.12.18"]
[Round "9"]
[White "Munkhzul, Turmunkh"]
[Black "Gong, Qianyun"]
[Result "0-1"]
[WhiteElo "2255"]
[BlackElo "2312"]
[Annotator "TA"]
[PlyCount "112"]
[EventDate "2018.12.07"]
[EventType "swiss"]
[EventCountry "PHI"]
[SourceTitle "playchess.com"]
[Source "ChessBase"]
[SourceQuality "1"]

{[%evp 15,112,28,33,29,29,0,9,-12,9,10,10,-8,0,-17,-11,-9,9,11,74,81,89,87,99,94,90,91,97,94,82,96,106,-520,-536,-529,-529,-501,-522,-514,-513,-504,-485,-593,-590,-631,-543,-506,-310,-420,-418,-395,-397,-531,-523,-524,-523,-507,-511,-684,-674,-753,-752,-746,-744,-742,-725,-627,-531,-962,-954,-1227,-1303,-1403,-1569,-1708,-1689,-1615,-1369,-1809,-1793,-2222,-2175,-2777,-2570,-2413,-1934,-1867,0,-2427,-2017,-2785,-2285,-3375,-2870,-29971,-29977,-29977,-29977,-29948,-29951]} 1. e4 e6 2. d4 d5 3. Nd2 Be7 4. exd5 exd5 5. Bd3 Nf6 6. Ngf3 Nc6 7. c3 O-O 8. O-O Bd6 9. Re1 {C42: Petroff Defence: 3 Nxe5 and unusual White 3rd moves} Re8 10. h3 (10. Nf1 Bg4 11. Rxe8+ Qxe8 12. Ne3 Bh5 13. Bd2 Rd8 14. Qe2 Ne4 15. Nxd5 Bxf3 16. gxf3 Nxd2 17. Qxd2 Qe6 18. Ne3 Qh6 19. Kf1 Bxh2 20. Kg2 Qg5+ 21. Kh1 Rd6 22. Re1 Be5 {0-1 (22) Akshayraj,K (2472)-Holt,C (2530) New York 2015}) 10... h6 11. b4 $146 {The position is equal.} ({Predecessor:} 11. Rxe8+ Qxe8 12. Nf1 Be6 13. Ng3 Qd7 14. Qc2 Re8 15. Bd2 Bxg3 16. fxg3 {1-0 (52) Barth,H-Seidenberg,G Germany 1993}) 11... a6 12. a4 Bd7 13. Bb2 Nh5 14. Ne5 Nf4 {[%cal Rc6e5]} 15. Ndf3 $1 {[%cal Bd2f3,Bf3e5,Be5g4][%mdl 32]} Bxe5 16. dxe5 Nxe5 (16... Nxd3 $11 17. Qxd3 Be6) 17. Rxe5 $16 Rxe5 18. Nxe5 {Qf3 is the strong threat.} Qg5 {[%csl Gf4][%cal Rg5g2]} 19. Ng4 {And now Bc1 would win.} h5 20. Ne3 Re8 {[#] Threatens to win with ...Rxe3!} 21. h4 $1 {[%cal Rh4g5]} Nh3+ 22. Kf1 Qxh4 {[%csl Gh3][%cal Rh4f2]} 23. gxh3 $4 {[%mdl 8192]} (23. Qd2 $16 {stays on course.}) 23... Rxe3 $1 $19 24. fxe3 Bxh3+ 25. Ke2 Bg4+ {[%mdl 64] Skewer} 26. Kd2 Bxd1 27. Rxd1 Qf2+ 28. Kc1 h4 {[%cal Bh5h4,Bh4h3,Bh3h2][%mdl 32]} 29. c4 Qxe3+ 30. Kc2 c6 {[%cal Bc7c6,Bc6d5][%mdl 32]} 31. Bd4 Qf4 ({Not} 31... Qxd4 $2 {[#]} 32. Bh7+ $1 {[%mdl 512]} Kxh7 33. Rxd4 $18) 32. Re1 {[%cal Re1e8]} f5 {[%cal Bf7f5,Bf5f4][%mdl 32]} 33. Kc3 h3 34. cxd5 cxd5 35. Be5 Qh4 36. Rh1 f4 37. Kd4 Qg3 38. Bf5 h2 39. Kxd5 Qb3+ 40. Kc5 Qe3+ 41. Bd4 Qe8 {[%csl Gb7][%cal Re8c6]} 42. b5 Qf8+ 43. Kb6 Qxf5 44. Rxh2 axb5 45. axb5 {[%mdl 4096] Endgame KQ-KRB} Qd5 46. Bc5 f3 47. Rh1 g5 {[%cal Bg7g5,Bg5g4,Bg4g3][%mdl 32]} 48. Rg1 Kf7 49. Rc1 Qd2 50. Rg1 Qd5 51. Rc1 $1 Kg6 52. Rh1 g4 53. Bf2 Qe6+ 54. Kxb7 Qe2 {Black mates.} 55. Bb6 Qxb5 56. Kc7 g3 {Accuracy: White = 37%, Black = 68%.} 0-1